| 000 | 00784cam a22002894a 4500 | ||
|---|---|---|---|
| 020 | _a9781416049715 | ||
| 020 | _a1416049711 | ||
| 040 | _cDLC | ||
| 082 | 0 | 0 | _a617 SAU 2010 A115 Or. |
| 245 | 0 | 0 | _aArthritis & arthroplasty. |
| 246 | 3 | _aArthritis and arthroplasty. | |
| 246 | 3 | 0 | _aHand, wrist and elbow |
| 260 |
_aPhiladelphia, Pa. : _bSaunders/Elsevier, _cc2010. |
||
| 300 |
_axiv, 312 p. : _bill. (some col.) ; _c29 cm. + _e1 DVD-ROM (4 3/4 in.) |
||
| 490 | 1 | _aArthritis & arthroplasty series | |
| 650 | 0 | _aHand | |
| 650 | 0 | _aElbow | |
| 650 | 0 | _aWrist | |
| 650 | 1 | 2 | _aHand Joints |
| 650 | 2 | 2 | _aArthritis |
| 650 | 2 | 2 | _aArthroplasty |
| 650 | 2 | 2 | _aElbow Joint |
| 650 | 2 | 2 | _aWrist Joint |
| 700 | 1 | _aChhabra, Anikar. | |
| 700 | 1 | _aIsaacs, Jonathan E. | |
| 942 | _cAEDBB | ||
| 999 |
_c17470 _d17470 |
||